00837cam a22002534a 450000100090000000300040000900500170001300800410003001000170007102000300008804000180011805000230013608200170015913000390017624500950021526000650031030000360037550400510041165000320046265000180049470000250051270000210053770000250055816847294OSt20150408114059.0110628s2012 cc a b 001 0 eng  a 2011021605 a9781439860762 (hardcover) aDLCcDLCdDLC00aQD415b.T5413 201200a547223bINN0 aTian ran chan wu hua xue.lEnglish10aIntroduction to natural products chemistry /cedited by Rensheng Xu, Yang Ye, Weimin Zhao. aBeijing :bScience Press ;aBoca Raton :bCRC Press,cc2012. axviii, 363 p. :bill. ;c26 cm. aIncludes bibliographical references and index. 0aNatural productsxAnalysis. 0aBiochemistry.1 aXu, Rensheng,d1931-1 aYe, Yang,d1965-1 aZhao, Weimin,d1966-